Les couvertures des albums de Lucky Luke - Statistiques

Statistiques générales
  • Ce quiz a été pris 138 fois
  • Le résultat moyen est 38 sur 80
Statistiques - réponses
Par images Réponse % Correct
Calamity Jane
89%
Billy the Kid
86%
Ma Dalton
84%
Le Juge
80%
La Diligence
76%
Le Pied-tendre
69%
Daisy Town
66%
Phil Defer
66%
Des barbelés sur la prairie
65%
Rodéo
65%
La Caravane
64%
Le fil qui chante
64%
Le cavalier blanc
63%
Tortillas pour les Dalton
63%
Jesse James
61%
Les Dalton se rachètent
61%
L'évasion des Dalton
61%
La fiancée de Lucky Luke
60%
Lucky Luke contre Joss Jamon
60%
La guérison des Dalton
59%
L'amnésie des Dalton
59%
Les cousins Dalton
59%
La ville fantôme
58%
Chasseur de primes
56%
Le bandit manchot
55%
L'Escorte
55%
L'héritage de Rantanplan
55%
Lucky Luke contre Pat Poker
55%
Nitroglycérine
55%
Dalton City
54%
L'elixir du Docteur Doxey
54%
Canyon apache
53%
Les Dalton dans le blizzard
53%
Western Circus
53%
La corde du pendu
51%
Le magot des Dalton
50%
Les rivaux de Painful Gulch
49%
Le grand duc
48%
Le Pony express
48%
Un cow-boy à Paris
46%
En remontant le Mississippi
45%
Le Prophète
45%
Sarah Bernhardt
45%
Fingers
44%
La Belle province
44%
Le pont sur le Mississippi
44%
Les collines noires
44%
OK Corral
44%
Hors-la-loi
43%
Le Klondike
43%
L'empereur Smith
43%
A l'ombre des derricks
40%
Le Daily Star
40%
Les Dalton à la noce
40%
Des rails sur la prairie
39%
L'artiste peintre
38%
Marcel Dalton
38%
Un cow-boy dans le coton
38%
Lucky Luke contre Pinkerton
36%
Alerte aux Pieds-bleus
35%
Arizona
35%
La mine d'or de Dick Digger
35%
Sur la piste des Dalton
35%
La ballade des Dalton
34%
Belle Starr
33%
Ruée sur l'Oklahoma
33%
Le 20e de Cavalerie
31%
L'Alibi
30%
Les Tontons Dalton
30%
Le ranch maudit
28%
Les Dalton courent toujours
26%
Cavalier seul
25%
L'arche de Rantanplan
25%
Chasse aux fantômes
24%
Sous le ciel de l'ouest
24%
L'homme de Washington
23%
La Terre promise
21%
La légende de l'ouest
20%
Le cuisinier français
19%
7 histoires complètes
4%
Aucun quiz correspondant
Distribution des résultats
% des personnes avec chaque résultat
Percentile par nombre de réponses
Votre historique - résultats
Vous n’avez pas pris ce quiz